Motor Innervation of the Brachial Plexus - Statistics

General Stats
  • This quiz has been taken 7 times
  • The average score is 18 of 35
Answer Stats
Hint Answer % Correct
Biceps brachii
100%
Axillary nerve Deltoid
83%
Lateral pectoral nerve Pectoralis major
83%
Medial pectoral nerve Pectoralis major
83%
Pectoralis minor
83%
Dorsal scapular nerve Rhomboid muscles
83%
Radial nerve Triceps brachii
83%
Median nerve All flexors in forearm (except flexor carpi ulnaris and medial part of flexor digitorum profundus)
67%
Extensor muscles of forearm
67%
Ulnar nerve Flexor carpi ulnaris
67%
Infraspinatus
67%
Medial part of flexor digitorum profundus
67%
Long thoracic nerve Serratus anterior
67%
Lower subscapular nerve Subscapularis (lower part)
67%
Upper scapular nerve Subscapularis (upper part)
67%
Suprascapular nerve Supraspinatus
67%
Brachialis
50%
Brachioradialis
50%
Musculocutaneous nerve Coracobrachialis
50%
Levator scapulae
50%
Subclavian nerve Subclavius
50%
Supinator
50%
Teres major
50%
Teres minor
50%
Thenar eminence (flexor pollicis brevis, abductor pollicis brevis, opponens pollicis)
50%
Diaphragm
33%
1st and 2nd lumbricals
17%
3rd and 4th lumbricals
17%
Abductor digiti minimi
17%
Anconeus
17%
Dorsal and palmar interossei
17%
Flexor digiti minimi brevis
17%
Opponens digiti minimi
17%
Adductor pollicis
0%
Thoracodorsal nerve (middle subscapular nerve) Latissumus dorsi
0%
No matching quizzes found
Score Distribution
Percent of People with Each Score
Percentile by Number Answered
Your Score History
You have not taken this quiz